000
00333nam a2200145Ia 4500
005
20251222151326.0
008
251222s9999||||xx |||||||||||||| ||spa||
020
_a
843090686X
082
_a
335.412/U72
100
_a
UreƱa, Enrique M.
245
0
_a
Karl Marx Economista:
250
_a
1ra. ed.
264
_b
Tecnos
942
_c
LIB
999
_c
23909
_d
23909